00314nam a2200121Ia 4500008004100000020001800041082001600059100001700075245003400092260003600126300001500162600001500177250610s9999 xx 000 0 und d a9780307278081 a821.912 AUD aAuden, W. H. 0aSelected Poems of W. H. Auden aNew York:bVintage Books,c2007 axxx, 344p. aLiterature